Der Begründer der tschechischen Germanistik Václav Emanuel Mourek und Südböhmen

Titel: Der Begründer der tschechischen Germanistik Václav Emanuel Mourek und Südböhmen / Lenka Vodrážková
Verfasser:
In: Germanoslavica, Band 26, Heft 1 (2015), Seite 1-11
alle Artikel anzeigen
Veröffentlicht: 2015
Format: Aufsatz
Sprache: Deutsch
Schlagworte:
Kein Bild verfügbar
X
alg: 36824631
001A    $04504:07-01-16 
001B    $06050:28-05-20 $t13:27:00.000 
001C    $04504:07-01-16 $t11:05:40.000 
001D    $04504:07-01-16 
001U    $0utf8 
001X    $00 
002@    $0Aou 
002C    $aText $btxt $2rdacontent 
002D    $aohne Hilfsmittel zu benutzen $bn $2rdamedia 
002E    $aBand $bnc $2rdacarrier 
003@    $0368246310 
007A    $0368246310 $aHEB 
010@    $ager 
010E    $erda 
011@    $a2015 
021A    $aDer @Begründer der tschechischen Germanistik Václav Emanuel Mourek und Südböhmen $hLenka Vodrážková 
028A    $BVerfasser $#Pokorná, Lenka Vodrážková- $#Vodrážková, Lenka $4aut $7132394952 $8Vodrážková-Pokorná, Lenka$Z1972- [Tp3] $9183234154 
031A    $d26 $e1 $h1-11 $j2015 
039B    $aEnthalten in $8--Abvc--. Germanoslavica. - Hildesheim : Olms, 1931-. - ISSN 1210-9029 $x201500000260001999 $9047348615 
044K    $#Mourek, Victor Emanuel $#Mourek, Vader Eman. $#Mourek, Vaclav E. $#Mourek, Václav E. $#Mourek, V. E. $7117144762 $8Mourek, Václav Emanuel$Z1846-1911 [Tp1] $9150979843 
044K    $#Prag $#Hlavni Město Praha $#Hauptstadt Prag $#Prag Kraj $#Bezirk Prag $#Praha $#Prague $#Praga $#Praag $74076310-9 $8Prag [Tg1] $9085216283 
044K    $RProtektorat Böhmen und Mähren $RBöhmische Länder $#Čech $#Königreich Böhmen $#České Království $#Království České $#Kronland Böhmen $#Čechy $#Ceské Království $#Království Ceské $74007467-5 $8Böhmen [Tgz] $9085012173 
044K    $RPhilologie $RDeutsch $#German philology $#Philologie allemande $#Germanistik $#Deutsche Philologie $74020383-9 $8Germanistik [Ts1] $9085048941 
044M    $pMourek, Václav Emanuel 
045T    $a7,20 $a25 $a7,41 $a7,39 
045T    $aLING $qDE-30 $2FID 
045T    $aGER $qDE-30 $2FID 
045T    $aAVL $qDE-30 $2FID 
045V    $801.07.00$jGermanistik im Ausland [Tkx] $9118843923 

lok: 36824631 62

exp: 36824631 62 1 #EPN
201B/01 $007-01-16 $t22:06:22.000 
203@/01 $0765503646 
208@/01 $a07-01-16 $be 
209A/01 $a/ $f000 $x00 
209B/01 $a2016 $x05 
247C/01 $8Frankfurt, Bibliographie der Deutschen Sprach- und Literaturwissenschaft $9113214561 
201U/01 $0utf8 

lok: 36824631 78

exp: 36824631 78 1 #EPN
201B/01 $006-03-19 $t11:31:48.000 
201C/01 $006-03-19 
201U/01 $0utf8 
203@/01 $01047129809 
208@/01 $a06-03-19 $be 
209A/01 $a/ $f000 $x00 
209A/01 $ab*p $x01 
220C/01 $apgar 
244Z/01 $#Böhmische Kronländer $#Länder der Böhmischen Krone $#Sudetenland $#Böhmen $#Mähren $#Mährisch-Schlesien $#Österreichisch-Schlesien $#Tschechische Sozialistische Republik Böhmische Länder $#Tschechei Böhmische Länder $#Země koruny české $74069573-6 $8--Tg1--Böhmische Länder $x01 $9085195553 
247C/01 $82080>Marburg/Lahn, Herder-Institut, Forschungsbibliothek, Bibliographieportal $9336309341
LEADER 00000caa a2200000 c 4500
001 368246310
003 DE-603
005 20200528132700.0
007 tu
008 160107s2015 xx |||| | u00||u|ger c
035 |a (DE-599)HEB368246310 
040 |a DE-603  |b ger  |c DE-603  |d DE-603  |e rda 
041 |a ger 
084 |a 7,20  |a 25  |a 7,41  |a 7,39  |2 ssgn 
084 |a LING  |q DE-30  |2 fid 
084 |a GER  |q DE-30  |2 fid 
084 |a AVL  |q DE-30  |2 fid 
100 1 |a Vodrážková-Pokorná, Lenka  |d 1972-  |e Verfasser  |4 aut  |0 (DE-603)183234154  |0 (DE-588)132394952  |2 gnd 
245 0 0 |a ˜Derœ Begründer der tschechischen Germanistik Václav Emanuel Mourek und Südböhmen  |c Lenka Vodrážková 
264 0 |c 2015 
336 |a Text  |b txt  |2 rdacontent 
337 |a ohne Hilfsmittel zu benutzen  |b n  |2 rdamedia 
338 |a Band  |b nc  |2 rdacarrier 
600 1 7 |a Mourek, Václav Emanuel  |d 1846-1911  |0 (DE-588)117144762  |0 (DE-603)150979843  |2 gnd 
650 7 |a Germanistik  |0 (DE-588)4020383-9  |0 (DE-603)085048941  |2 gnd 
651 7 |a Prag  |0 (DE-588)4076310-9  |0 (DE-603)085216283  |2 gnd 
651 7 |a Böhmen  |0 (DE-588)4007467-5  |0 (DE-603)085012173  |2 gnd 
773 0 8 |i Enthalten in  |t Germanoslavica  |d Hildesheim : Olms, 1931-  |x 1210-9029  |g Band 26, Heft 1 (2015), Seite 1-11  |w (DE-603)047348615  |w (DE-600)216758-X 
924 0 |9 603  |a (DE-603)765503646  |b DE-603  |c HES  |d d 
924 0 |9 2080  |a (DE-603)1047129809  |b DE-2080  |c HES  |d d  |g /